عرض عادي
عرض مارك
- Diet therapy.
مدخل مصطلح موضوعي
001 - رقم الضبط
- حقل الضبط: 5302
003 - معرف رقم الضبط
- حقل الضبط: OSt
005 - تاريخ ووقت أخر عملية
- حقل الضبط: 20111017145424.0
008 - عناصر بيانات ثابتة الطول
- حقل تحكم ثابت الطول: 111017|||a|||||| | ||| d
040 ## - مصدر الفهرسة
- هيئة الفهرسة الأصلية: OSt
- وكالة الكتابة: OSt
150 ## - مدخل-- مصطلح تاريخي
- عنصر مدخل المصطلح الموضوعي او الاسم الجغرافي: Diet therapy.
670 ## - بيانات المصدر موجوده
- الاستشهاد بالمصدر: Work cat.: (OSt)0: Krause's food, nutrition, & diet therapy /, c2000.
